000 00672nam a2200289Ia 4500
005 20260324134053.0
008 008 260324s9999 xx 000 0 eng d
020 _a9781315376394
037 _aEBOOK
040 _aCRL
040 _beng
040 _cCRL
041 _2eng
041 _aeng
084 _qCRL
100 _aRobert Naylor
_91195461
245 0 _aMedication Errors
245 0 _bLessons for Education and Healthcare
260 _bTaylor and Francis
260 _c2002
365 _a
365 _b220
856 _uhttp://www.taylorfrancis.com/books/9781315376394
942 _cEBOOK
999 _c1795141
_d1795141